Glossaire de l'aménagement et du développement local (notice n° 1553807)
[ vue normale ]
| 000 -LEADER | |
|---|---|
| fixed length control field | 01373cam a2200277zu 4500 |
| 003 - CONTROL NUMBER IDENTIFIER | |
| control field | FRCYB45007918 |
| 005 - DATE AND TIME OF LATEST TRANSACTION | |
| control field | 20251020123331.0 |
| 008 - FIXED-LENGTH DATA ELEMENTS--GENERAL INFORMATION | |
| fixed length control field | 251020s2005 fr | o|||||0|0|||fre d |
| 020 ## - INTERNATIONAL STANDARD BOOK NUMBER | |
| International Standard Book Number | 9782844502728 |
| 035 ## - SYSTEM CONTROL NUMBER | |
| System control number | FRCYB45007918 |
| 040 ## - CATALOGING SOURCE | |
| Original cataloging agency | FR-PaCSA |
| Language of cataloging | fr |
| Transcribing agency | |
| Description conventions | rda |
| 100 1# - MAIN ENTRY--PERSONAL NAME | |
| Personal name | Saffache, Pascal |
| 245 01 - TITLE STATEMENT | |
| Title | Glossaire de l'aménagement et du développement local |
| Statement of responsibility, etc. | ['Saffache, Pascal'] |
| 264 #1 - PRODUCTION, PUBLICATION, DISTRIBUTION, MANUFACTURE, AND COPYRIGHT NOTICE | |
| Name of producer, publisher, distributor, manufacturer | Ibis Rouge |
| Date of production, publication, distribution, manufacture, or copyright notice | 2005 |
| 300 ## - PHYSICAL DESCRIPTION | |
| Extent | p. |
| 336 ## - CONTENT TYPE | |
| Content type code | txt |
| Source | rdacontent |
| 337 ## - MEDIA TYPE | |
| Media type code | c |
| Source | rdamdedia |
| 338 ## - CARRIER TYPE | |
| Carrier type code | c |
| Source | rdacarrier |
| 520 ## - SUMMARY, ETC. | |
| Summary, etc. | Auteur de nombreux ouvrages pédagogiques et scientifiques, Pascal Saffache offre au lecteur ce Glossaire de l'aménagement et du développement local, dans le but de mettre à la disposition du plus grand nombre - en quelques lignes et dans un langage dépouillé de tous artifices - les notions de base de l'aménagement et du développement durables. Après son Dictionnaire simplifié de l'aménagement paru aux éditions Ibis Rouge (2002), Pascal Saffache offre au lecteur un nouvel ouvrage riche de plusieurs centaines de termes considérés jusqu'alors comme « barbares ». |
| 650 #0 - SUBJECT ADDED ENTRY--TOPICAL TERM | |
| Topical term or geographic name entry element | |
| 700 0# - ADDED ENTRY--PERSONAL NAME | |
| Personal name | Saffache, Pascal |
| 856 40 - ELECTRONIC LOCATION AND ACCESS | |
| Access method | Cyberlibris |
| Uniform Resource Identifier | <a href="https://international.scholarvox.com/netsen/book/45007918">https://international.scholarvox.com/netsen/book/45007918</a> |
| Electronic format type | text/html |
| Host name | |
Pas d'exemplaire disponible.




Réseaux sociaux